Normal view
MARC view
Entry Personal Name
001 - CONTROL NUMBER
- control field: 79911
003 - CONTROL NUMBER IDENTIFIER
- control field: OSt
005 - DATE AND TIME OF LATEST TRANSACTION
- control field: 20201003130158.0
008 - FIXED-LENGTH DATA ELEMENTS
- fixed length control field: 201003|| aca||aabn | a|a d
040 ## - CATALOGING SOURCE
- Original cataloging agency: OSt
- Transcribing agency: OSt
100 ## - HEADING--PERSONAL NAME
- Personal name: मुखर्जी सिद्धार्थ
670 ## - SOURCE DATA FOUND
- Source citation: Work cat.: (OSt): मुखर्जी सिद्धार्थ , सामान्य विज्ञान , 2020









